Semántica y verdad necesaria: una investigación sobre los fundamentos de la filosofía analítica

Guardat en:
Dades bibliogràfiques
Autor principal: Pap, Arthur (autor)
Format: Llibre
Idioma:espanyol
Publicat: Ciudad de México Fondo de Cultura Económica 1970
Col·lecció:Obras de Filosofía
Matèries:
Etiquetes: Afegir etiqueta
Sense etiquetes, Sigues el primer a etiquetar aquest registre!

MARC

LEADER 00000cam a2200000 a 4500
001 UCP4403
003 CL-VaPUC
005 20241127084743.0
008 990724e19700000MX |||||||||||||||||spa|d
999 |c 282386  |d 282384 
040 |c Pontificia Universidad Católica de Valparaíso 
082 0 4 |a 149.94  |b PAP  |2 21 
100 |a Pap, Arthur  |e autor  |9 431902 
245 1 0 |a Semántica y verdad necesaria: una investigación sobre los fundamentos de la filosofía analítica 
260 |a Ciudad de México  |b Fondo de Cultura Económica  |c 1970 
300 |a 483 p 
490 0 |a Obras de Filosofía 
583 |a last modification  |c 20140814 12:19:38  |k Rodrigo Vera 
600 0 |a Locke, John  |d 1632-1704  |9 860808 
600 0 |a Hume, David   |d 1711-1776  |9 319329 
600 0 |a Kant, Immanuel,  |d 1724-1804  |9 858687 
600 0 |a Leibniz, Gottfried Wilhelm   |d 1646-1716  |9 860284 
650 0 |a Filosofía analítica  |9 316758 
650 0 |a Filosofía del lenguaje  |9 257082 
650 0 |a Semántica  |9 265318 
650 0 |a Epistemología   |9 264994 
650 0 |a Verdad  |9 313815 
650 0 |a Teoría del conocimiento   |9 255038 
942 |c BK  |2 ddc 
945 |d 19990724 00:00:00  |a crobeson 
952 |0 0  |1 0  |4 0  |6 149_940000000000000_PAP_1970  |7 0  |8 A  |9 324056  |a BIBHIS  |b BIBHIS  |d 2019-11-20  |i 1354566  |o 149.94 PAP 1970  |p 1354566  |r 2025-01-20  |w 2019-11-20  |y BK  |k HIS 
952 |0 0  |1 0  |4 0  |6 149_940000000000000_PAP_1970  |7 0  |8 A  |9 324057  |a FDOPOS  |b FDOPOS  |d 2019-11-20  |i 4318633  |o 149.94 PAP 1970  |p 4318633  |r 2025-01-22  |w 2019-11-20  |y BK  |k MLA 
952 |0 0  |1 0  |4 0  |6 149_940000000000000_PAP_1970  |7 0  |8 A  |9 324058  |a FDOPOS  |b FDOPOS  |d 2019-11-20  |i 4272269  |o 149.94 PAP 1970  |p 4272269  |r 2025-01-22  |w 2019-11-20  |y BK  |k MLA 
952 |0 0  |1 0  |3 erb  |4 0  |6 149_940000000000000_PAP_1970  |7 0  |8 A  |9 324059  |a BIBEDU  |b BIBEDU  |i 5002923  |o 149.94 PAP 1970  |p 5002923  |r 2019-11-20  |w 2019-11-20  |y BK  |z Catalogado en:20140814  |k FIL 
952 |0 0  |1 0  |3 erb  |4 0  |6 149_940000000000000_PAP_1970  |7 0  |8 A  |9 324060  |a BIBEDU  |b BIBEDU  |i 5389526  |o 149.94 PAP 1970  |p 5389526  |r 2019-11-20  |w 2019-11-20  |y BK  |z Catalogado en:20170422  |k FIL